[Event "NZL-ch Major op"]
[Site "Wanganui"]
[Date "2003.01.08"]
[Round "9"]
[White "Jones, Alf"]
[Black "Robertson, Blair Michael"]
[Result "1/2-1/2"]
[WhiteElo "1409"]
[BlackElo "1336"]
[PlyCount "104"]
[EventDate "2003.01.??"]
[EventType "swiss"]
[EventRounds "11"]
[EventCountry "NZL"]
[SourceTitle "EXT 2005"]
[Source "ChessBase"]
[SourceDate "2004.11.15"]
[SourceVersion "1"]
[SourceVersionDate "2004.11.15"]
[SourceQuality "1"]

1. c4 e5 2. g3 Nf6 3. Bg2 d5 4. cxd5 Nxd5 5. e4 Nf6 6. Nc3 Be6 7. Nge2 Nc6 8. a3 Bd6 9. d4 exd4 10. Nxd4 Nxd4 11. Qxd4 Be7 12. Qxd8+ Rxd8 13. 0-0 c6 14. Be3 a6 15. Rfd1 0-0 16. Bb6 Rxd1+ 17. Rxd1 Nd7 18. Be3 Rd8 19. Bf1 Ne5 20. Rxd8+ Bxd8 21. Kg2 Nc4 22. Bxc4 Bxc4 23. f4 Bf6 24. e5 Be7 25. Kf3 f6 26. Ke4 fxe5 27. fxe5 Kf7 28. h4 Ke6 29. b4 a5 30. Bc5 axb4 31. axb4 Bxc5 32. bxc5 Bf1 33. Kf4 h6 34. Ke4 Bg2+ 35. Kd4 g5 36. hxg5 hxg5 37. Nd1 Bf3 38. Nb2 Be2 39. Na4 Bf1 40. Nc3 Bg2 41. Na4 Bf1 42. Nb6 Be2 43. Nc8 Bf3 44. Nd6 g4 45. Nxb7 Bd5 46. Nd6 Bf3 47. Ne8 Kf7 48. Nf6 Ke6 49. Nh5 Bh1 50. Nf4+ Kf5 51. e6 Kf6 52. Kc4 Bf3 1/2-1/2

[Event "NZL-ch Major op"]
[Site "Wanganui"]
[Date "2003.01.07"]
[Round "8"]
[White "Bell, David I"]
[Black "Robertson, Blair Michael"]
[Result "1/2-1/2"]
[WhiteElo "1577"]
[BlackElo "1336"]
[PlyCount "65"]
[EventDate "2003.01.??"]
[EventType "swiss"]
[EventRounds "11"]
[EventCountry "NZL"]
[SourceTitle "EXT 2005"]
[Source "ChessBase"]
[SourceDate "2004.11.15"]
[SourceVersion "1"]
[SourceVersionDate "2004.11.15"]
[SourceQuality "1"]

1. e4 c5 2. Nf3 d6 3. d4 cxd4 4. Nxd4 Nf6 5. Nc3 g6 6. Bc4 Bg7 7. 0-0 0-0 8. f4 Nc6 9. Nxc6 bxc6 10. Be2 Nd7 11. Be3 Bb7 12. Qd2 c5 13. Rad1 Nb6 14. b3 Qc7 15. Nd5 Nxd5 16. exd5 Rfc8 17. f5 Rab8 18. fxg6 hxg6 19. c4 Re8 20. Kh1 e6 21. dxe6 Rxe6 22. Bf3 Rbe8 23. Bg5 Bxf3 24. Rxf3 Re2 25. Qd5 Bd4 26. Rdf1 R2e5 27. Qxf7+ Qxf7 28. Rxf7 Rxg5 29. Rxa7 Rf8 30. Rd1 Rgf5 31. g3 Rf1+ 32. Rxf1 Rxf1+ 33. Kg2 1/2-1/2

[Event "NZL-ch Major op"]
[Site "Wanganui"]
[Date "2003.01.07"]
[Round "7"]
[White "Robertson, Blair Michael"]
[Black "Gold, Hamish R"]
[Result "1-0"]
[WhiteElo "1336"]
[BlackElo "1618"]
[PlyCount "91"]
[EventDate "2003.01.??"]
[EventType "swiss"]
[EventRounds "11"]
[EventCountry "NZL"]
[SourceTitle "EXT 2005"]
[Source "ChessBase"]
[SourceDate "2004.11.15"]
[SourceVersion "1"]
[SourceVersionDate "2004.11.15"]
[SourceQuality "1"]

1. e4 e6 2. d4 d5 3. Nc3 Bb4 4. e5 Ne7 5. a3 Bxc3+ 6. bxc3 c5 7. Qg4 Ng6 8. h4 Qa5 9. Bd2 Nc6 10. h5 Nge7 11. Qxg7 Rg8 12. Qxh7 Bd7 13. Nf3 0-0-0 14. Qd3 c4 15. Qe2 Rg4 16. Qd1 Rdg8 17. g3 Re4+ 18. Be2 Nf5 19. Rh3 Nce7 20. Kf1 Ba4 21. Nh2 Qd8 22. Bf3 Nc6 23. Bxe4 dxe4 24. Ng4 Bxc2 25. Qxc2 Rxg4 26. Re1 e3 27. Bxe3 Nxe3+ 28. Rxe3 Ne7 29. Re4 Rg8 30. Rf4 Qe8 31. Qh7 Rf8 32. Rhh4 Nf5 33. Rxf5 exf5 34. Qxf5+ Kc7 35. Qf6 Kb8 36. Qd6+ Ka8 37. h6 Rh8 38. h7 a6 39. Qf6 Ka7 40. Qg7 Rxh7 41. Rxh7 Qa4 42. Qxf7 Qd1+ 43. Kg2 Qb1 44. Qxb7+ Qxb7+ 45. Rxb7+ Kxb7 46. Kf3 1-0

[Event "NZL-ch Major op"]
[Site "Wanganui"]
[Date "2003.01.04"]
[Round "4"]
[White "Gloistein, Bruce H"]
[Black "Robertson, Blair Michael"]
[Result "1/2-1/2"]
[WhiteElo "1667"]
[BlackElo "1336"]
[PlyCount "86"]
[EventDate "2003.01.??"]
[EventType "swiss"]
[EventRounds "11"]
[EventCountry "NZL"]
[SourceTitle "EXT 2005"]
[Source "ChessBase"]
[SourceDate "2004.11.15"]
[SourceVersion "1"]
[SourceVersionDate "2004.11.15"]
[SourceQuality "1"]

1. d4 Nf6 2. Nf3 e6 3. e3 b6 4. Bd3 Bb7 5. Nbd2 Be7 6. 0-0 0-0 7. Ng5 h6 8. Ngf3 c5 9. c3 d5 10. Ne5 Nbd7 11. f4 c4 12. Bc2 b5 13. Qf3 a5 14. f5 exf5 15. Qxf5 Nxe5 16. dxe5 Bc8 17. Qf4 Nh7 18. Nf3 Ng5 19. Nd4 Qb6 20. Kh1 b4 21. Nf5 Bd8 22. Nd6 Be6 23. h4 Nh7 24. Qg3 h5 25. Nf5 Bxf5 26. Bxf5 Re8 27. e6 Bc7 28. exf7+ Kh8 29. fxe8Q+ Rxe8 30. Qf3 Qd6 31. g3 Rf8 32. Qxh5 g6 33. Qg4 gxf5 34. Qf4 Qxf4 35. gxf4 bxc3 36. bxc3 Nf6 37. Ba3 Re8 38. Bc5 Ne4 39. Bd4+ Kh7 40. Rg1 Nf2+ 41. Kg2 Ng4 42. Kf3 Nh2+ 43. Kf2 Ng4+ 1/2-1/2